Mujeres Chilenas Destacadas - Estadísticas

Estadísticas generales
  • Esta prueba ha sido intentada 46 veces
  • La puntuación promedio es 13 de 30
Estadísticas de respuestas
Imagen Hint Respuesta % Correcto
Expresidenta Michelle Bachelet
86%
Cantautora Violeta Parra
86%
Poetisa y Profesora Gabriela Mistral
78%
Santa Teresa de Los Andes
76%
Escritora Isabel Allende
73%
Cantante Mon Laferte
73%
Cantante Myriam Hernández
68%
Futbolista Christiane Endler
62%
Cantante Francisca Valenzuela
59%
Rapera Ana Tijoux
51%
Cantante Cecilia Pantoja
51%
Tiradora Francisca Crovetto
51%
Patriota independentista Javiera Carrera
51%
Baterista Juanita Parra
49%
Profesora y política Gladys Marín
46%
Médica Eloísa Díaz
43%
Actriz Claudia di Girolamo
41%
Actriz Delfina Guzmán
38%
Actriz Tamara Acosta
38%
Escritora María Luisa Bombal
32%
Abogada, Política y Sufragista Elena Caffarena
24%
Aviadora Margot Duhalde
22%
Folclorista Margot Loyola
22%
Atleta Marlene Ahrens
22%
Empresaria Iris Fontbona
19%
Empresaria Isidora Goyenechea
16%
Patriota y Heroína nacional Paula Jaraquemada
16%
Astrónoma María Teresa Ruiz
14%
Profesora, Escritora y Política Amanda Labarca
11%
Pianista Mahani Teave
8%
No se encontraron pruebas coincidentes
Distribución de puntuación
Porcentaje de gente con cada puntuación
Porcentaje por número respondido
Historial de tus puntuaciones
No has intentado esta prueba.